000 00376nam a2200145Ia 4500
008 230917s9999||||xx |||||||||||||| ||und||
040 _e108498
_aMAIN
041 _aEnglish
082 _a070.102434 S64J
100 _aSingh, Shrikant
245 0 _aJanmadhyam kanoon avam utardaitva
260 _aNew Delhi
_bSataym Publishing House
_c2003
300 _a218 p.
942 _cBK
999 _c123876
_d123876